[Event "Benimodo op U2200 12th"]
[Site "Benimodo"]
[Date "2017.08.19"]
[Round "4"]
[White "Cebolla Moll, Ricardo"]
[Black "Sanchez Criado, Jose Luis"]
[Result "0-1"]
[WhiteElo "2005"]
[BlackElo "1645"]
[PlyCount "132"]
[EventDate "2017.08.18"]
[EventType "swiss"]
[EventRounds "7"]
[EventCountry "ESP"]
[SourceTitle "EXT 2019"]
[Source "ChessBase"]
[SourceDate "2018.10.10"]
[SourceVersion "1"]
[SourceVersionDate "2018.10.10"]
[SourceQuality "1"]

1. f4 Nf6 2. Nf3 d6 3. e3 e6 4. b3 Be7 5. Bb2 0-0 6. Be2 c5 7. 0-0 Nc6 8. Qe1 Nb4 9. Na3 a6 10. c3 Nbd5 11. Nc2 b6 12. c4 Nc7 13. d3 Bb7 14. e4 Nd7 15. Rd1 b5 16. Qg3 Ne8 17. Ne3 bxc4 18. Nxc4 d5 19. Nce5 Nxe5 20. Nxe5 f6 21. Ng4 d4 22. Qe1 Qb6 23. Kh1 a5 24. Rb1 Nc7 25. h3 Nb5 26. a4 Nc7 27. Ba3 Na6 28. Nf2 Nb4 29. Qd2 Rac8 30. Rfc1 f5 31. Bxb4 cxb4 32. e5 h6 33. Nd1 g5 34. Rxc8 Rxc8 35. Rc1 Rxc1 36. Qxc1 gxf4 37. Qxf4 Bg5 38. Qg3 Kh7 39. Nb2 Bd5 40. h4 Be3 41. Bh5 Qd8 42. Nc4 Bxc4 43. dxc4 Qg8 44. Qxg8+ Kxg8 45. g3 d3 46. Kg2 Bd4 47. Bd1 Bxe5 48. Kf3 Bd4 49. g4 Kg7 50. gxf5 exf5 51. Kf4 Kf6 52. h5 Bf2 53. Kf3 Be1 54. Ke3 d2 55. Kf4 Ke6 56. Bf3 Bf2 57. Bd5+ Kd6 58. Bf3 Kc5 59. Kxf5 Kd4 60. Bd1 Kc3 61. Ke6 Kb2 62. Kd5 Kc1 63. Bg4 d1Q+ 64. Bxd1 Kxd1 65. c5 Kc2 66. c6 Bg3 0-1